Music Quiz

Random Music or Billboard Quiz

Billboard Top Albums 2007 Quiz Stats

 Plays Quiz Updated Feb 3, 2019

Support Sporcle.
Go Orange.
Score 0/20 Timer 05:00
0 Plays Today
Rank Artist % Correct
16Taylor Swift
93.9%
13Miley Cyrus
90.6%
1Daughtry
84.7%
6Justin Timberlake
80.8%
3Fergie
73.3%
9Kanye West
71.9%
19Robin Thicke
65.9%
2Akon
65.3%
12Gwen Stefani
64.2%
8Beyoncé
57%
Rank Artist % Correct
4Carrie Underwood
32.5%
10Rascal Flatts
32.3%
7Linkin Park
30.2%
17Jay-Z
28.6%
5Nickelback
25.4%
18Maroon 5
24.1%
20Hinder
11.3%
11The Beatles
9.2%
15Norah Jones
4.6%
14Josh Groban
4.4%

From the Vault

DD Things

by JonnyWalker

To DD or not to DD: that is the question.
Remove Ads.
Support Sporcle.
Get the best of Sporcle when you Go Orange. This ad-free experience offers more features, more stats, and more fun while also helping to support Sporcle. Thank you for becoming a member.

Show Comments

Extras

Top Quizzes Today


Score Distribution

Your Account Isn't Verified!

In order to create a playlist on Sporcle, you need to verify the email address you used during registration. Go to your Sporcle Settings to finish the process.

Report this User

Report this user for behavior that violates our Community Guidelines.

Details: